LEADER 00923cam0 2200277 450 001 000013886 005 20090310112807.0 010 $a88-85613-28-4 100 $a20080702d1990----km-y0itay50------ba 101 1 $aita$ceng 102 $aIT 105 $ay-------001yy 200 1 $aEsercizi di microeconomia$fTheodore C. Bergstrom, Hal R. Varian 210 $aVenezia$cCafoscarina$dc1990 215 $a392 p.$d29 cm 451 0$1001000000219 500 10$aWorkouts in intermediate microeconomics$n$915373 610 1 $aMicroeconomia$aEsercizi 676 $a338.5076$v20$9Economia generale della produzione. Prontuari ed esercizi 700 1$aBergstrom,$bTheodore C.$078417 701 1$aVarian,$bHal R.$08043 801 0$aIT$bUNIPARTHENOPE$c20080702$gRICA$2UNIMARC 912 $a000013886 951 $a022/175$b7104$cNAVA2 996 $aWorkouts in intermediate microeconomics$915373 997 $aUNIPARTHENOPE LEADER 03770oam 2201141zu 450 001 9910136348903321 005 20250709204158.0 035 $a(CKB)3780000000049036 035 $a(SSID)ssj0000809159 035 $a(PQKBManifestationID)12352192 035 $a(PQKBTitleCode)TC0000809159 035 $a(PQKBWorkID)10793059 035 $a(PQKB)11750685 035 $a(FR-PaCSA)88842429 035 $a(FRCYB88842429)88842429 035 $a(EXLCZ)993780000000049036 100 $a20160829d2010 uy 101 0 $afre 135 $aurun| ||||| 181 $ctxt 182 $cc 183 $acr 200 13$aLa régulation de la fécondité en Afrique : transformations et différenciations au tournant du XXIe siècle 210 31$a[Place of publication not identified]$cAcademia Bruylant$d2010 215 $a1 online resource (346 p.) 300 $aBibliographic Level Mode of Issuance: Monograph 606 $aFamily planning$xGovernment policy$zAfrica 606 $aContraception$zAfrica 606 $aBirth control$zAfrica 606 $aFertility, Human$zAfrica 606 $aFamily planning$zAfrica 606 $aDemographic surveys$zAfrica 606 $aPublic Policy 606 $aPopulation Dynamics 606 $aReproductive Techniques 606 $aDemography 606 $aSocial Control Policies 606 $aTherapeutics 606 $aSocial Sciences 606 $aAnalytical, Diagnostic and Therapeutic Techniques and Equipment 606 $aPolicy 606 $aPopulation Characteristics 606 $aSocial Control, Formal 606 $aEpidemiologic Measurements 606 $aAnthropology, Education, Sociology and Social Phenomena 606 $aPublic Health 606 $aDelivery of Health Care 606 $aSociology 606 $aHealth Care Economics and Organizations 606 $aEnvironment and Public Health 606 $aFamily Planning Policy 606 $aPopulation Control 606 $aContraception 606 $aSociology & Social History$2HILCC 606 $aSocial Sciences$2HILCC 606 $aFamily & Marriage$2HILCC 615 0$aFamily planning$xGovernment policy 615 0$aContraception 615 0$aBirth control 615 0$aFertility, Human 615 0$aFamily planning 615 0$aDemographic surveys 615 2$aPublic Policy. 615 2$aPopulation Dynamics. 615 2$aReproductive Techniques. 615 2$aDemography. 615 2$aSocial Control Policies. 615 2$aTherapeutics. 615 2$aSocial Sciences. 615 2$aAnalytical, Diagnostic and Therapeutic Techniques and Equipment 615 2$aPolicy. 615 2$aPopulation Characteristics. 615 2$aSocial Control, Formal. 615 2$aEpidemiologic Measurements. 615 2$aAnthropology, Education, Sociology and Social Phenomena 615 2$aPublic Health. 615 2$aDelivery of Health Care. 615 2$aSociology. 615 2$aHealth Care Economics and Organizations. 615 2$aEnvironment and Public Health. 615 2$aFamily Planning Policy. 615 2$aPopulation Control. 615 2$aContraception. 615 7$aSociology & Social History 615 7$aSocial Sciences 615 7$aFamily & Marriage 700 $aRaïmi Fassassi$01076669 702 $aFassassi$b Raèimi 702 $aVimard$b Patrice 702 $aVimard$b Patrice 702 $aFassassi$b Raïmi 702 $aVignikin$b Kokou 702 $aVignikin$b Kokou 801 0$bPQKB 906 $aBOOK 912 $a9910136348903321 996 $aLa régulation de la fécondité en Afrique : transformations et différenciations au tournant du XXIe siècle$92587834 997 $aUNINA